Adelaide Metro Bus Services - Statistics

General Stats
  • This quiz has been taken 35 times
  • The average score is 82 of 377
Answer Stats
Bus Service Bus Number/Letter % Correct
Arndale Centre Interchange to Glen Osmond 100
77%
Marion Centre Interchange to Blair Athol G10
77%
Arndale Centre Interchange to Flinders University 101
64%
West Lakes Centre Interchange to City 110
64%
Marion Centre Interchange to City 200
64%
Suburban Connector 300
64%
Elizabeth Interchange to City 500
59%
Aberfoyle Hub to City G20
59%
Golden Grove Interchange to Flinders University G40
59%
Glenelg Interchange to City 167
55%
Old Reynella Interchange to Marion Centre Interchange 600
55%
Elizabeth Interchange to Adelaide Airport & Glenelg J1
55%
Greenwith to Adelaide Airport & Harbour Town J2
55%
Magill to City 106
50%
West Lakes Centre Interchange to City 112
50%
Port Adelaide Interchange to City 117
50%
Glen Osmond to City 144
50%
Glenelg Interchange to City 168
50%
Urrbrae to City 170
50%
Paradise Interchange to City 178
50%
West Lakes Centre Interchange to City 115
45%
Port Adelaide Interchange to City 118
45%
Stonyfell to City 141
45%
Burnside to City 142
45%
Osborne to City 150
45%
City to West Beach 163
45%
Mitcham Square to City 171
45%
Kingswood to City 172
45%
Blackwood Interchange to City 173
45%
Paradise Interchange to City 174
45%
Athelstone to City 176
45%
Elizabeth Interchange to Salisbury North 400
45%
Glenelg Interchange to Paradise Interchange H20
45%
City to Glen Osmond 140
41%
Beaumont to City 147
41%
Largs Bay to City 157
41%
Ingle Farm to City 202
41%
Elizabeth Interchange to Tea Tree Plaza Interchange 560
41%
Marion Centre Interchange to Golden Grove Interchange M44
41%
Glenelg Interchange to City 190
36%
Blackwood Interchange to City 195
36%
Elizabeth Interchange to City 224
36%
Salisbury Interchange to Gepps Cross 225
36%
Port Adelaide Interchange to City 230
36%
Kilburn to City 235
36%
UniSA Mawson Lakes Campus to City 238
36%
Arndale Centre Interchange to City 239
36%
Mawson Interchange to City 501
36%
Tea Tree Plaza Interchange to City 503
36%
Old Reynella Interchange to Marion Centre Interchange 601
36%
Hallett Cove Beach Station to Flinders University 681
36%
Glen Osmond to City 861
36%
Aberfoyle Hub to City G21
36%
West Lakes Centre Interchange to Paradise Interchange H30
36%
Marion Centre Interchange to Paradise Interchange W90
36%
Arndale Centre Interchange / Urrbrae Agricultural High School to Brooklyn Park 100B
32%
Forestville to Urrbrae Argriculture High School 100C
32%
Urrbrae Agriculture High School to Marleston 100N
32%
Arndale Centre Interchange to Plympton 100P
32%
West Lakes Centre Interchange to City 155
32%
Blackwood Interchange to City 196
32%
Northgate to City 206
32%
Mawson Interchange to City 222
32%
Smithfield Interchange to City 228
32%
Marion Centre Interchange to City 241
32%
Marion Centre Interchange to City 248
32%
Marion Centre Interchange to City 262
32%
Marion Centre Interchange to City 265
32%
Aberfoyle Hub to Marion Centre Interchange 320
32%
Salisbury Interchange to City 502
32%
Surrey Downs to Tea Tree Plaza Interchange 543
32%
Mawson Interchange to Ingle Farm 565
32%
Old Reynella Interchange to City 720
32%
Noarlunga Centre Interchange to City 721
32%
Elizabeth Interchange to Salisbury 900
32%
West Lakes Centre Interchange to Marion Centre Interchange J8
32%
City to Highgate 171A
27%
Tea Tree Plaza Interchange to City 203
27%
Paradise Interchange to City 208
27%
Para Hills to Gepps Cross 229
27%
Port Adelaide Interchange to City 232
27%
Hove to City 245
27%
Port Adelaide Interchange to City 254
27%
Marion Centre Interchange to City 263
27%
Tea Tree Plaza Interchange to City 271
27%
Paradise Interchange to City 273
27%
Henley Beach to City 286
27%
Suburban Connector 300G
27%
Tea Tree Plaza Interchange to City 506
27%
Tea Tree Plaza Interchange to City 507
27%
Tea Tree Plaza Interchange to City 540
27%
Golden Grove Interchange & Fairview Park to City 541
27%
Fairview Park to Tea Tree Plaza Interchange 542
27%
Golden Grove Interchange to Tea Tree Plaza Interchange 545
27%
City to Para Hills 546
27%
Greenwith & Tea Tree Plaza Interchange to City 548
27%
Keswick to Paradise Interchange 580
27%
Darlington to Blackwood Interchange 605
27%
Flinders University to City 719
27%
Burnside to City 820
27%
Golden Grove Interchange to City C1
27%
City to Paradise Interchange H21
27%
West Lakes Centre Interchange to Marion Centre Interchange J7
27%
Marion Centre Interchange to Tea Tree Plaza Interchange M44T
27%
Noarlunga Centre Interchange to City T721
27%
City to Largs Bay 150B
23%
City to Port Adelaide Interchange 150P
23%
Largs Bay to City 157X
23%
Mansfield Park to City 251
23%
Port Adelaide Interchange to City 252
23%
Mansfield Park to City 253
23%
Paradise Interchange to City 281
23%
Henley Beach to City 287
23%
West Lakes Interchange to City 288
23%
Suburban Connector 300C
23%
Suburban Connector 300H
23%
Suburban Connector 300J
23%
Suburban Connector 300M
23%
Suburban Connector 300U
23%
North Haven to Port Adelaide Interchange 333
23%
Paralowie to Salisbury 401
23%
Salisbury to Mawson Interchange 411
23%
Salisbury Interchange to Greenwith 415
23%
Elizabeth Interchange to Salisbury Interchange 430
23%
Munno Para Station to Elizabeth Interchange 440
23%
Willaston & Hewett Loop 491
23%
Firle to City 530
23%
Golden Grove Interchange to City 544
23%
Tea Tree Plaza Interchange to City 557
23%
Tea Tree Plaza Interchange to Paradise Interchange 559
23%
Mawson Interchange to Golden Grove Interchange 566
23%
Newton & Athelstone to City 578
23%
Athelstone to Paradise Interchange 579
23%
Marino to Marion Centre Interchange 640
23%
Hallet Cove Beach Station to Sheidow Park 682
23%
Hallet Cove Beach Station to Hallett Cove South 683
23%
Noarlunga Centre Interchange to City 721X
23%
Noarlunga Centre Interchange to City 722
23%
Sellicks Beach to Colonnades Centre Interchange 750
23%
Carey Gully to City 821
23%
Stirling to City 822
23%
Macclesfield to Aldgate 850
23%
Aldgate to City 863
23%
Mt Barker to City 864
23%
Aldgate to City 865
23%
City & North Adelaide Clockwise Loop 98C
23%
City Anti-Clockwise Loop 99A
23%
Greenwith to City C2
23%
Marion Centre Interchange/Blair Athol to City G10C
23%
Aberfoyle Hub to City G22X
23%
Henley Beach South to Wattle Park H22
23%
City to Auldana H23
23%
Henley Beach to Rostrevor H33
23%
Elizabeth Interchange to Adelaide Airport J1A
23%
Glenelg to Golden Grove Interchange J1G
23%
Greenwith to Glenelg J2G
23%
Marion Centre Interchange to City M44C
23%
Mt Barker to City T843
23%
St Marys to Marden W91
23%
City to Toorak Gardens 144G
18%
City to Camden Park 167C
18%
City to Newton 176G
18%
City to Clapham 200C
18%
City to Broadview 208B
18%
Smithfield Interchange to City 228F
18%
Port Adelaide to Tea Tree Plaza 361
18%
West Lakes Centre Interchange Clockwise Loop 371
18%
West Lakes Centre Interchange Anti-Clockwise Loop 372
18%
West Lakes Centre Interchange to Delfin Island Anti-Clockwise Loop 376
18%
Salisbury North to Salisbury 403
18%
Salisbury to Paralowie Anti-Clockwise Loop 404
18%
Salisbury to Paralowie Clockwise Loop 405
18%
BAE Systems to Salisbury Interchange 421
18%
Smithfield Interchange to Elizabeth Interchange 441
18%
Smithfield Interchange to Elizabeth Interchange 442
18%
Elizabeth Interchange to Munno Para Loop Service 443
18%
Munno Para Centre Interchange to Elizabeth Interchange 451
18%
Munno Para Centre Interchange to Elizabeth Interchange 452
18%
Munno Para Centre Interchange to Munno Para West 461
18%
Munno Para Centre Interchange to Angle Vale 462
18%
Evanston Loop 493
18%
Salisbury Interchange to City 502X
18%
Northgate to City 528
18%
Tea Tree Plaza Interchange to City 556
18%
Old Reynella Interchange / Marion Centre Interchange to Blackwood Interchange 600A
18%
Aberfoyle Hub/Marion Centre Interchange to Blackwood Interchange 600B
18%
Marion Centre Interchange to Aberfoyle Hub 601A
18%
Seaview Downs to Marion Centre Interchange 645
18%
Seacombe Heights to Marion Centre Interchange 646
18%
Noarlunga Centre Interchange to City 721F
18%
Noarlunga Centre Interchange to City 722F
18%
Noarlunga Centre Interchange to Old Reynella Interchange 725
18%
Colonnades Centre Interchange to Marion Centre Interchange 733
18%
Colonnades Centre Interchange to Marion Centre Interchange 734
18%
Chandlers Hill to Old Reynella Interchange 737
18%
Maslin Beach to Colonnades Centre Interchange 741
18%
Seaford Circuit Anti-Clockwise Loop 745
18%
Seaford Circuit Clockwise Loop 747
18%
Aldinga Shopping Centre to Colonnades Centre Interchange 751
18%
McLaren Flat to McLaen Vale 752
18%
Aldinga Beach to Seaford Centre 755
18%
Port Willunga to Seadord Centre Interchange 756
18%
Crafers to Cleland Wildlife Park 823
18%
Verdun to Lobethal 834
18%
Lobethal to Verdun 834A
18%
Lobethal to Mt Barker 835
18%
Mt Barker to Lobethal 835A
18%
Nairne to Mt Barker 837
18%
City & North Adelaide Anti-Clockwise Loop 98A
18%
City Clockwise Loop 99C
18%
Blair Athol to Colonel Light Gardens G10A
18%
Blair Athol to Bedford Park G10B
18%
City to Aberfoyle Hub G20X
18%
Aberfoyle Hub to City G21X
18%
City to Auldana H24
18%
Henley Beach South to City H32
18%
Harbour Town to Tea Tree Plaza Interchange J1T
18%
West Lakes Centre Interchange / Marion Centre Interchange to Camden Park J7M
18%
After Midnight Saturday PM - Sunday AM Golden Grove Interchange & Tea Tree Plaza Interchange to City N1
18%
Seaford Centre to City T722
18%
Mt Barker to City T840
18%
Aldgate to City T863
18%
West Lakes Centre Interchange to Paradise Interchange X30
18%
Paradise Interchange to Athelstone 178A
14%
City to Athelstone 178M
14%
City to Newton 178S
14%
Paradise Interchange to City 178X
14%
City to Mitcham Square 190B
14%
Blackwood Interchange to City 195F
14%
Blackwood Interchange to City 196F
14%
Coromandel Station to City 197X
14%
Marion Centre Interchange to City 200B
14%
Ingle Farm to City 202F
14%
City to Ingle Farm 203B
14%
Tea Tree Plaza Interchange to City 203F
14%
City to Northgate 208N
14%
Tea Tree Plaza Interchange to City 209F
14%
City to Mawson Interchange 222R
14%
Elizabeth Interchange to City 224F
14%
Elizabeth Interchange to Mawson Interchange 224M
14%
Elizabeth Interchange to City 224X
14%
Salisbury Interchange to City 225F
14%
Salisbury Interchange to Mawson Interchange 225M
14%
Salisbury Interchange to City 225X
14%
Smithfield Interchange to City 228X
14%
Para Hills to City 229F
14%
Para Hills to City 229X
14%
City to Rosewater 232R
14%
City to Oaklands Park 241A
14%
City to Oaklands Park 248A
14%
Mansfield Park to Arndale Centre Interchange 251A
14%
Port Adelaide Interchange to Arndale Centre Interchange 252A
14%
Mansfield Park to City 253X
14%
Port Adelaide Interchange 254X
14%
City to Warradale 263A
14%
City to Somerton Park 265W
14%
City to Klemzig 281K
14%
City to Underdale 286A
14%
City to Seaton 288S
14%
Elizabeth Interchange to Salisbury 400A
14%
Mawson Interchange to Salisbury Interchange 411B
14%
Munno Para to Andrews Farm 451A
14%
Munno Para Centre Interchange to Elizabeth West 452W
14%
Munno Para Centre Interchange to Angle Vale 462C
14%
Gawler East Anti-Clockwise Loop 492A
14%
Gawler East Clockwise Loop 492C
14%
Evanston Loop 494
14%
Paradise Interchange to Modbury North 506H
14%
City to Golden Grove Interchange 541G
14%
Golden Grove Interchange to City 541X
14%
Fairvirew Park to City 542X
14%
Tea Tree Plaza Interchange to Redwood Park 543G
14%
Surrey Downs to City 543X
14%
Golden Grove Interchange to City 544X
14%
Golden Grove Interchange to City 545X
14%
Para Hills to City 546X
14%
Paradise Interchange to St Agnes 557S
14%
Paradise Interchange to St Agnes 559S
14%
Elizabeh Interchange / Ingle Farm to Salisbury Interchange 560A
14%
Blackwood Interchange to Bedford Park 600S
14%
Old Reynella Interchange to Blackwood Interchange 601B
14%
Hallet Cove Beach Station to Hallett Cove 681A
14%
Old Reynella Interchange to City 720H
14%
Flinders Medical Centre to Old Reynella Interchange 721R
14%
Noarlunga Centre Interchange to City 722X
14%
Colonnades Centre Interchange to City 723F
14%
Woodcroft Community Centre to City 723X
14%
Colonnades Centre Interchange to O'Halloran Hill 733G
14%
Maslin Beach to Noarlunga Centre Interchange 741A
14%
Noarlunga Centre Interchange to Huntfield Heights Anti-Clockwise Loop Service 743
14%
Noarlunga Centre Interchange to Huntfield Heights Loop Service 744
14%
Seaford Circuit Anti-Clockwise Loop 745A
14%
Noarlunga Interchange to Seaford Interchange 745C
14%
Seaford Circuit Clockwise Loop 747A
14%
Colonnades Centre Interchange to Seaford Rise 747B
14%
Colonnades Centre Interchange to Aldinga Shopping Centre 750B
14%
Sellicks Beach to Noarlunga Centre Interchange 750X
14%
Aldinga Shopping Centre to Noarlunga Centre Interchange 751A
14%
Aldinga Shopping Centre to Seaford Centre 751C
14%
Lobethal to City 830F
14%
Mt Barker West Clockwise Loop Service 839
14%
Mt Barker to City 840X
14%
Strathalbyn to Mt Barker 852
14%
Aldgate to City 863F
14%
Mt Barker to City 864F
14%
Stirling to Crafers 866
14%
Tea Tree Plaza Interchange to The Elms Village 933
14%
Golden Grove Interchange to City C1X
14%
Greenwith to City C2X
14%
Glenelg Interchange/Paradise Interchange to City H20C
14%
Paradise Interchange to Richmond H20R
14%
Wattle Park / Henley Beach South to City H22C
14%
Wattle Park to Lockleys H22L
14%
West Lakes Centre Interchange/Paradise Interchange to City H30C
14%
West Lakes Centre Interchange to Newton H30S
14%
Henley Beach / Rostrevor to City H33C
14%
After Midnight Saturday PM - Sunday AM Marion Centre Interchange to City N10
14%
After Midnight Saturday PM - Sunday AM City to Wattle Park N22
14%
After Midnight Saturday PM - Sunday AM Gawler to City N224
14%
Nairne to City T842
14%
St Marys to City W91C
14%
Marion Centre Interchange to City 248F
9%
Salisbury to Paralowie Anti-Clockwise Loop 404R
9%
Salisbury to UniSA Mawson Lakes Campus 411U
9%
Salisbury Interchange to Salisbury Heights 415H
9%
Salisbury Interchange to Golden Grove Interchange 415V
9%
Elizabeth Interchange to Ingle Farm 560B
9%
Golden Grove Interchange to Greenwith 591A
9%
Golden Grove Interchange to Greenwith 591C
9%
Sellicks Beach to Noarlunga 750A
9%
Colonnades Centre Interchange to Seaford Centre 750C
9%
Sellicks Beach to Seaford Interchange 750R
9%
Aldinga Shopping Centre to Noarlunga Hospital 751H
9%
Aldinga / Colonnades to Seaford Interchange 751R
9%
Seaford Centre to Willunga 751W
9%
Mt Barker East Clockwise Loop Service 838
9%
Mt Barker East Clockwise Loop Service 838H
9%
Mt Barker West Clockwise Loop Service 839R
9%
Nairne to City 841F
9%
Nairne to City 842X
9%
Langhorn Creek to Cornerstone College 852L
9%
Mt Barker to City 860F
9%
Mt Barker to Heathfield High Schol 864H
9%
Stirling to Crafers 865C
9%
Crafers to Stirling 865S
9%
Stirling to Crafers 866A
9%
Stirling to Crafers 866R
9%
Urrbrae to Aldgate 892
9%
Aldgate to Blackwood 893
9%
Aldgate to Blackwood Interchange 894
9%
Aldgate to Blackwood Interchange 894H
9%
Blackwood Interchange Interchange to Stirling 894S
9%
Aberfoyle Hub to City G20F
9%
Aberfoyle Hub to City G21F
9%
Blackwood Interchange to City G30F
9%
Flinders University to Tea Tree Plaza G40M
9%
After Midnight Saturday PM - Sunday AM Newton to City N178
9%
After Midnight Saturday PM - Sunday AM Ingle Farm to City N202
9%
After Midnight Saturday PM - Sunday AM Mount Barker to City N864
9%
Smithfield Interchange to City T228
9%
Marion Centre Interchange to Marden W90M
9%
West Lakes Centre Interchange to City X30C
9%
West Lakes Centre Interchange to Newton X30S
9%
Mt Barker to Hahndorf HL1
5%
Hahndorf to Mt Barker HL2
5%
Bedford Group to City (Feel free to Google this as this bus is an Industrial Service) INDA
5%
Bedford Group to City (Feel free to Google this as this bus is an Industrial Service) INDB
5%
Marion Centre Interchange to Bedford Industries (Feel free to Google this as this bus is an Industrial Service) INDSTA
5%
Royal Society For The Blind to City (Feel free to Google this as this bus is an Industrial Service) INDSTB
5%
After Midnight Saturday PM - Sunday AM City to Aberfoyle Hub N21
5%
After Midnight Saturday PM - Sunday AM Semaphore to City N254
5%
After Midnight Saturday PM - Sunday AM Marion Centre Interchange to City N262
5%
After Midnight Saturday PM - Sunday AM West Lakes Centre Interchange to City N30
5%
After Midnight Saturday PM - Sunday AM Salisbury Interchange to City N502
5%
After Midnight Saturday PM - Sunday AM City to Fairview Park N541
5%
After Midnight Saturday PM - Sunday AM Seaford Centre to City N721
5%
Noarlunga Centre Interchange to City T721X
5%
No matching quizzes found
Score Distribution
Percent of People with Each Score
Percentile by Number Answered
Your Score History
You have not taken this quiz